• 首页
  • 本馆介绍
  • 公告通知
  • 最新文献
  • 馆藏检索
  • 电子资源
  • 读者导购
  • 参考咨询
  • 我的图书馆
  • 登录
  • 详细信息显示
  • 放入我的书架
  • 预约/预借图书
  • 作者相关作品
  • 分类相关作品
  • 丛书相关作品
  • 出版社相关作品

书目信息

  • 表格格式
  • 工作单格式
  • 卡片格式
题名:
协调管理与制度设计
    
 
作者: 郭峰 著
分册:  
出版信息: 北京   科学出版社  2013
页数: 266页
开本: 24cm
丛书名:
单 册:
中图分类: F284
科图分类:
主题词: 基本建设项目--项目管理 , 基本建设项目 , 项目管理
电子资源:
ISBN: 978-7-03-037764-7
000 01094nam0 2200277 450
001 523
005 20140909093234.95
010    @a978-7-03-037764-7@dCNY68.00
100    @a20130812d2013 em y0chiy50 ea
101 0  @achi
102    @aCN@b110000
105    @ay z 000yy
106    @ar
200 1  @a协调管理与制度设计@AXie Diao Guan Li Yu Zhi Du She Ji@f郭峰著@FGuo Feng Zhu
210    @a北京@c科学出版社@d2013
215    @a266页@d24cm
312    @a封面英文题名:Coordinatde management and system design
330    @a本书从利益相关者协调管理、协调管理机制、组织协调管理和协调管理文化四个层面,对所蕴含的制度问题进行分析;并从制度变迁、制度创新、制度环境以及制度安排等理论视角,深入研究了基于协调管理的制度设计中内在关联的关键问题,从制度设计探究了组织协调管理的实现,以此达到提高组织效率的目的。
510 1  @aCoordinatde management and system design@zeng
606 0  @a基本建设项目@x项目管理
606 0  @a基本建设项目
606 0  @a项目管理
690    @aF284@v5
701  0 @a郭峰@AGuo Feng@f(1965.4~)@4著
801  0 @aCN@bTANGWEI@c20140603
905    @b0838603-05@dF284@e1167@f3
    
    协调管理与制度设计/郭峰著.-北京:科学出版社,2013
    266页;24cm
    
    
    ISBN 978-7-03-037764-7:CNY68.00
    本书从利益相关者协调管理、协调管理机制、组织协调管理和协调管理文化四个层面,对所蕴含的制度问题进行分析;并从制度变迁、制度创新、制度环境以及制度安排等理论视角,深入研究了基于协调管理的制度设计中内在关联的关键问题,从制度设计探究了组织协调管理的实现,以此达到提高组织效率的目的。
●
相关链接 在E读中查询图书 在五车中查询图书 在当当中查询图书 在豆瓣中查询图书


正题名:协调管理与制度设计     索取号:F284/1167         预约/预借

序号 登录号 条形码 馆藏地/架位号 状态 备注
1 0838603   208386030   第一样本阅览室/ [索取号:F284/1167] 在馆    
2 0838604   208386049   密集书库-海洋学院/ [索取号:F284/1167] 在馆    
3 0838605   208386058   第一借阅区/ [索取号:F284/1167] 在馆    
唐山师范学院图书馆 欢迎您!
大连网信软件有限公司© 版权所有